00426nam a2200157 a 45000010005000000030009000050080041000140400028000550820016000831000018000992450047001172600038001643000015002024900018002176500033002352011CO-ViMGA141112s2004 ck r 000 u spa d aCO-ViMGAbspacCO-ViMGA04a940.53 M4241 aMichel, Henri10aLa segunda guerra mundial / cHenri Michel aBarcelona : bOikos - Tau, c1972 a124 p : il a¿que se?, 8214aGUERRA MUNDIAL - 1938 - 1945